| 000 | 00722nam a2200157 a 4500 | ||
|---|---|---|---|
| 008 | 220228s2017 ||||||||||||||||| || u | ||
| 050 | _aCBU-PG THESIS/MZU | ||
| 100 | _aMzumara, Ian Mbakaya | ||
| 245 | 1 | 4 |
_aThe use of problem solving approach in teaching numeracy in Mathematics Education to student teachers at Malcolm Moffat College of Education _cBy Ian Mbakaya Mzumara |
| 260 |
_aKitwe _bCopperbelt University _c2017 |
||
| 300 | _aviii, 67 pages : illustrations | ||
| 650 | _aPROBLEM SOLVING - MATHEMATICS | ||
| 650 | _aMATHEMATICS EDUCATION | ||
| 650 | _aTEACHING NUMERACY | ||
| 995 |
_FCBU-MAIN LIBRARY (Kitwe) _M1 _UAVAILABLE _WOct 28, 2022 _ZUniversity Collection |
||
| 999 |
_c61119 _d61119 |
||